000 00356nam a2200133Ia 4500
008 260210s9999 xx 000 0 und d
024 _a00B-20-BCS3
082 _a005.072 KAM
100 _aKamran Iqbal
245 0 _aLibrary Management System
260 _aKarachi:
_bUITU,
_c2000
600 _aComputer Science
650 _aBachelor of Computer Science (BS)
999 _c31711
_d31711